|
|
|
|
| LEADER |
01648cam a22003017i 4500 |
| 999 |
|
|
|c 215548
|d 215548
|
| 020 |
|
|
|a 9788793379930
|
| 020 |
|
|
|a 8793379935
|
| 082 |
0 |
0 |
|a 616.02774
|b PEN-S
|
| 245 |
0 |
4 |
|a The stem cell microenvironment and its role in regenerative medicine and cancer pathogenesis /
|c editors, Cristian Pablo Pennisi, Aalborg University, Denmark, Mayuri Sinha Prasad, Indiana University-Purdue University, Indianapolis, USA, Pranela Rameshwar, Rutgers University, USA.
|
| 260 |
|
|
|a Denmark:
|b River,
|c 2017.
|
| 300 |
|
|
|a xxiii, 118 pages :
|b illustrations (some color) ;
|
| 490 |
1 |
|
|a River publishers series in research and business chronicles: biotechnology and medicine ;
|
| 500 |
|
|
|a "This book emerges as a result of the scientific contributions presented during the fifth Disputationes Workshop held in Aalborg (Denmark) in April 2014 and discusses some of the recent advances in stem cell research that may help understanding the properties of the niche that govern stem cell fate"--Page ix.
|
| 504 |
|
|
|a Includes bibliographical references and index.
|
| 650 |
|
0 |
|a Stem cells
|v Congresses.
|
| 650 |
|
0 |
|a Stem cells
|v Congresses.
|
| 650 |
|
0 |
|a Regenerative medicine
|v Congresses.
|
| 650 |
|
0 |
|a Carcinogenesis
|v Congresses.
|
| 650 |
|
7 |
|a Carcinogenesis.
|
| 650 |
|
7 |
|a Regenerative medicine.
|
| 650 |
|
7 |
|a Stem cells.
|
| 650 |
|
7 |
|a Stem cells
|
| 700 |
1 |
|
|a Pennisi, Cristian Pablo,
|
| 700 |
1 |
|
|a Prasad, Mayuri Sinha,
|
| 700 |
1 |
|
|a Rameshwar, Pranela,
|
| 942 |
|
|
|c BK
|
| 952 |
|
|
|0 0
|1 0
|4 0
|6 616_027740000000000_PENS
|7 0
|8 NFIC
|9 229497
|a BCH
|b BCH
|c GEN
|d 2019-12-06
|g 5690.00
|l 0
|o 616.02774 PEN-S
|p BCH3720
|r 2019-12-06
|v 6939.00
|w 2019-12-06
|y BK
|